000 00341 a2200121 4500
000 nam a22 7a 4500
005 20251008133859.0
020 _a978-81982368-1-4
100 _aAnand, Aryan
_9847721
245 _aVarna is not caste: unmasking the asademic misrepresentation of varna
260 _bAditya Prakashan
_c2025
942 _cTB
999 _c1464642
_d1464642